书目信息 |
| 题名: |
应用线性代数学习指导
|
|
| 作者: | 曹铁川 主编 | |
| 分册: | ||
| 出版信息: | 大连 大连理工大学出版社 2011.07 |
|
| 页数: | 146页 | |
| 开本: | 21cm | |
| 丛书名: | ||
| 单 册: | ||
| 中图分类: | O151.2 | |
| 科图分类: | ||
| 主题词: | 线性代数--xian xing dai shu--高等学校--教学参考资料 | |
| 电子资源: | ||
| ISBN: | 978-7-5611-6343-6 | |
| 000 | 00796nam0 2200229 450 | |
| 001 | 1129488862 | |
| 005 | 20111110141017.00 | |
| 010 | @a978-7-5611-6343-6@dCNY15.00@z7-5611-6343-6 | |
| 100 | @a20110822d2011 em y0chiy50 ea | |
| 101 | 0 | @achi |
| 102 | @aCN@b210000 | |
| 105 | @ay z 000yy | |
| 200 | 1 | @a应用线性代数学习指导@Aying yong xian xing dai shu xue xi zhi dao@f主编曹铁川 |
| 210 | @a大连@c大连理工大学出版社@d2011.07 | |
| 215 | @a146页@d21cm | |
| 330 | @a本书共分为4章, 主要内容包括: 行列式 ; 矩阵 ; n维向量和线性方程组 ; 特征值、特征向量与二次型。 | |
| 333 | @a普通高等院校数学类规划教材配套用书 | |
| 606 | 0 | @a线性代数@Axian xing dai shu@x高等学校@j教学参考资料 |
| 690 | @aO151.2@v4 | |
| 701 | 0 | @a曹铁川@Acao tie chuan@4主编 |
| 801 | 0 | @aCN@c20110822 |
| 905 | @dO151.2@eC140 | |
| 应用线性代数学习指导/主编曹铁川.-大连:大连理工大学出版社,2011.07 |
| 146页;21cm |
| 使用对象:普通高等院校数学类规划教材配套用书 |
| ISBN 978-7-5611-6343-6:CNY15.00 |
| 本书共分为4章, 主要内容包括: 行列式 ; 矩阵 ; n维向量和线性方程组 ; 特征值、特征向量与二次型。 |
| ● |
| 相关链接 |
|
|
|
正题名:应用线性代数学习指导
索取号:O151.2/C140
 
预约/预借
| 序号 | 登录号 | 条形码 | 馆藏地/架位号 | 状态 | 备注 |
| 1 | 1220417 | 212204176 | 自科库401/401自科库 41排1列5层/ [索取号:O151.2/C140] | 在馆 | |
| 2 | 1220418 | 212204185 | 自科库401/401自科库 41排1列5层/ [索取号:O151.2/C140] | 在馆 | |
| 3 | 1220419 | 212204194 | 自科库401/401自科库 41排1列5层/ [索取号:O151.2/C140] | 在馆 |